Estar en vilo (Record no. 157079)

MARC details
000 -LEADER
campo de control de longitud fija 01080nam a22002175i 4500
001 - NÚMERO DE CONTROL
campo de control 157079
003 - IDENTIFICADOR DE NÚMERO DE CONTROL
campo de control ES-MaACL
005 - FECHA Y HORA DE LA ÚLTIMA TRANSACCIÓN
campo de control 20250718060040.0
008 - DATOS DE LONGITUD FIJA--INFORMACIÓN GENERAL
campo de control de longitud fija 020403s1882 sp |||| | spa d
040 ## - FUENTE DE CATALOGACIÓN
Centro catalogador/agencia de origen CAM
Lengua de catalogación spa
Centro/agencia transcriptor CAM
100 1# - ENTRADA PRINCIPAL--NOMBRE DE PERSONA
Nombre de persona Larra y Ossorio, Mariano de (
Fechas asociadas al nombre 1858-1926)
9 (RLIN) 128701
245 10 - MENCIÓN DEL TÍTULO
Título Estar en vilo
Resto del título : zarzuela en un acto y en prosa /
Mención de responsabilidad, etc. letra de Mariano de Larra y Ossorio ; música del maestro Arnedo.
260 ## - PUBLICACIÓN, DISTRIBUCIÓN, ETC.
Lugar de publicación, distribución, etc. Madrid :
Nombre del editor, distribuidor, etc. [s.n.],
Fecha de publicación, distribución, etc. 1882 (
Fabricante Imprenta de José Rodríguez)
300 ## - DESCRIPCIÓN FÍSICA
Extensión 32 p. ;
Dimensiones 19 cm.
500 ## - NOTA GENERAL
Nota general En port.: Estrenada en el Liceo Capellanes el dia 24 de junio de 1882.
500 ## - NOTA GENERAL
Nota general Solo la letra.
596 ## - NOTA AL PIE DE IMPRENTA
NOTA AL PIE DE IMPRENTA Al v. de port. consta : "... Galería Lírico-Dramática, titulada el Teatro, de los Hijos de A. Gullon..."
700 1# - ENTRADA AGREGADA--NOMBRE PERSONAL
Nombre de persona Arnedo, Luis,
Fechas asociadas al nombre 1856-1911
9 (RLIN) 125713
852 ## - LOCALIZACIÓN
Ubicación ES-MaACL
Número de control de estantería F-8624(6)
Nota libre -- Enc. hol.
-- -- Dedicatoria ms. del autor a Gustavo [Saenz Diez]
condición física -- Falto de la cub. original
Nota libre .- Enc. en un vol. facticio formando parte de la col. facticia "Teatro español moderno", vol. 79
Holdings
Estatus retirado Estado de pérdida Estado de daño No para préstamo Colección Biblioteca de origen Biblioteca actual Ubicación en estantería Fecha de adquisición Total de préstamos Signatura topográfica completa Código de barras Visto por última vez Precio de reemplazo Tipo de ítem Koha
        Libros del s. XIX Biblioteca del Ateneo de Madrid Biblioteca del Ateneo de Madrid Sala Pecera Planta 2 17/01/2008   F-8624(6) 1164349 23/02/2023 23/02/2023 Libro impreso antiguo